| 000 | 01001nam a2200301 c 4500 | ||
|---|---|---|---|
| 003 | BLK | ||
| 005 | 20180420232946.0 | ||
| 008 | 180409b bul|||||r ||||||| ||bul|| | ||
| 010 | _aKNG00144085000 | ||
| 020 |
_a978-954-737-877-3 _bиздат.: Аб |
||
| 040 | _aBLK | ||
| 041 |
_aBUL _cBUL |
||
| 072 | 7 |
_2bullib _aН8400 _xБългарска поезия Н |
|
| 080 |
_aБългарска литература _b821.163.2 _x-1 _z821.163.2-1 |
||
| 100 | 1 |
_aПетрова, Зорница _eпърви автор _9257482 |
|
| 139 |
_aПетрова, Зорница _bП 47 |
||
| 245 | 1 | 0 |
_aЕзерни думи _cЗорница Петрова. |
| 257 | _aBGR | ||
| 260 |
_аСофия _bАб _c2012 _fСофия : Анго бой |
||
| 300 |
_a16 с. _c21 см |
||
| 380 | _aX | ||
| 659 | _aН | ||
| 852 | _aЦб 259968 | ||
| 856 | 4 |
_qpdf _u |
|
| 856 | 4 |
_qpdf _u |
|
| 942 |
_cKNG _n0 |
||
| 944 |
_aCR _c18.06.2013 _lф / _kГеновева_Генчева |
||
| 944 |
_aED _c05.02.2015 _lф / _kГеновева_Генчева |
||
| 999 |
_c138104 _d138104 |
||